000 00653nam a22002177a 4500
003 UA-OsUOA
001 77159
007 ta
008 20110901b un ||||| |||| 00| 0 ukr d
100 _aТатар М.
090 _a330
_bТ23
942 _cSA
040 _aUA-OsUOA
_bukr
_cUA-OsUOA
_dUA-OsUOA
245 _aДеякі підходи до визначення чинників, які впливають на формування валютного курсу
300 _aС.48-54
955 _a0
041 _aukr
080 _a330
773 0 _w77153
_tЕкономіст
_dК.
_d2011
_g7
650 7 _a330 Економіка взагалі
_2UDC
999 _c363467
_d363467